000 00527nam a2200169 i 4500
001 117955
003 ES-MaACL
005 20230906191013.0
007 t|
008 070214m19671968sp r ||||1| spa d
100 1 _aPelay Orozco, Miguel.
_990021
245 1 4 _aLos pelotaris
_b: trilogía /
_cMiguel Pelay Orozco.
260 _aZarauz (Guipúzcoa) :
_bIcharopena,
_c1967-1968.
300 _a2 v. ;
_c19 cm.
505 8 _aContiene: T. I. Kapero y los dos. - T. II. El último pelotazo
852 _aES-MaACL
_jP-1221
_bR.63611
999 _c117955
_d117955